|
|
|
|
| LEADER |
00977cam a2200265 7i4500 |
| 001 |
0000032422 |
| 005 |
20170218090000.0 |
| 008 |
100222 bm |
| 020 |
|
|
|a 9789791601177 (hbk.)
|
| 020 |
|
|
|a 9791601178 (hbk.)
|
| 040 |
|
|
|a OhCoOLI
|
| 090 |
0 |
0 |
|a HF5415.153
|b .K66 2005
|
| 100 |
1 |
|
|a Kim, W. Chan
|
| 245 |
1 |
0 |
|a Blue ocean strategy = strategi samudera biru :
|b ciptakan ruang pasar tanpa pesaing dan biarkanompetisi tak lagi relevan
|c W. Chan Kim, Renee Mauborgne ; penerjemah Satrio Wahono.
|
| 246 |
3 |
1 |
|a Strategi samudera biru.
|
| 260 |
|
|
|a Jakarta:
|b PT Serambi Ilmu Semesta,
|c 2005.
|
| 300 |
|
|
|a 314 p.:
|b ill.;
|c 24 cm.
|
| 504 |
|
|
|a Includes bibliographical references and index
|
| 650 |
0 |
0 |
|a Market segmentation
|
| 650 |
0 |
0 |
|a New products
|
| 700 |
1 |
|
|a Mauborgne, Renee
|
| 700 |
0 |
|
|a Satrio Wahono
|
| 997 |
|
|
|a Business & Accountancy, Faculty
|
| 998 |
|
|
|a Marketing, Degree
|
| 999 |
|
|
|a 0000038310
|b BOK
|c OPEN SHELF
|e 1st Floor, Shah Alam
|